LEADER 01711nam 2200541 450 001 9910464613403321 005 20200520144314.0 010 $a0-8229-7268-9 035 $a(CKB)3710000000095297 035 $a(SSID)ssj0000665339 035 $a(PQKBManifestationID)11402140 035 $a(PQKBTitleCode)TC0000665339 035 $a(PQKBWorkID)10634922 035 $a(PQKB)10657906 035 $a(MiAaPQ)EBC2038833 035 $a(Au-PeEL)EBL2038833 035 $a(CaPaEBR)ebr10853031 035 $a(CaONFJC)MIL586835 035 $a(OCoLC)732884676 035 $a(EXLCZ)993710000000095297 100 $a20040707h20052005 uy| 0 101 0 $aeng 135 $aurcnu|||||||| 181 $ctxt 182 $cc 183 $acr 200 10$aGarbage in the cities $erefuse, reform, and the environment /$fMartin V. Melosi 205 $aRevised edition. 210 1$aPittsburgh, Pennsylvania :$cUniversity of Pittsburgh Press,$d[2005] 210 4$d©2005 215 $a1 online resource (321 pages) $cillustrations 225 1 $aHistory of the urban environment 300 $aBibliographic Level Mode of Issuance: Monograph 311 $a0-8229-5857-0 320 $aIncludes bibliographical references and index. 410 0$aHistory of the urban environment. 606 $aRefuse and refuse disposal$zUnited States$xHistory 608 $aElectronic books. 615 0$aRefuse and refuse disposal$xHistory. 676 $a363.72/85/0917320973 700 $aMelosi$b Martin V.$f1947-$0274948 801 0$bMiAaPQ 801 1$bMiAaPQ 801 2$bMiAaPQ 906 $aBOOK 912 $a9910464613403321 996 $aGarbage in the cities$92221620 997 $aUNINA LEADER 01070nam a2200289 i 4500 001 991003906289707536 005 20020509134149.0 008 010704s1966 it ||| | ita 035 $ab11232523-39ule_inst 035 $aPARLA190965$9ExL 040 $aDip.to Filosofia$bita 082 0 $a305.5620942 100 1 $aZweig, Ferdinand$0540902 245 12$aL'operaio nella societą del benessere /$cFerdynand Zweig ; prefazione di Giovanni Cattaui De Menasce 260 $aRoma :$bCinque lune,$c1966 300 $a320 p. ;$c21 cm. 490 0 $aEconomia e diritto ;$v4 500 $aTrad. M. C. Ragnoni 500 $aTit. orig.: The worker in an affluent society 650 4$aOperai - Gran Bretagna 700 1 $aRagnoni, Maria Carmela 907 $a.b11232523$b23-02-17$c01-07-02 912 $a991003906289707536 945 $aLE005IF VI D 19$g1$i2005000219139$lle005$o-$pE0.00$q-$rl$s- $t0$u1$v0$w1$x0$y.i11388584$z01-07-02 996 $aOperaio nella societą del benessere$9867070 997 $aUNISALENTO 998 $ale005$b01-01-01$cm$da $e-$fita$git $h2$i1